{"text_format":"3","workbook":"xlsx","n_sheets":1,"sheets":["t381"],"read":"whole","date_system":"1900"}

{"sheet":"t381","index":0,"n_rows":164,"n_cols":7,"rows_kept":164,"merged":[[0,0,0,6],[30,0,30,5],[44,0,44,5],[142,0,142,5]]}
["TABELA 381.1 - Estatísticas Agrícolas, Município de Oriente, Estado de São Paulo, 2007/08."]
["ITEM","UNIDADE","N.DE UPAs","MÍNIMO","MÉDIO","MÁXIMO","TOTAL"]
["Distância à sede do município","km",147,0.5,{"v":10.64,"d":"10.6"},{"v":30,"d":"30.0"},"-"]
["Área total","hectare",147,4.8,{"v":133.55,"d":"133.6"},{"v":3374.1,"d":"3,374.1"},{"v":19631.8,"d":"19,631.8"}]
["Área com cultura perene","hectare",23,0.2,{"v":8.05,"d":"8.1"},66.9,185.2]
["Área com cultura temporária","hectare",57,0.3,{"v":56.53,"d":"56.5"},{"v":1759.8,"d":"1,759.8"},{"v":3222.4,"d":"3,222.4"}]
["Área com pastagem","hectare",139,1.3,{"v":99.99,"d":"100.0"},{"v":2935.1,"d":"2,935.1"},{"v":13899.1,"d":"13,899.1"}]
["Área com reflorestamento","hectare",55,0.2,{"v":5.42,"d":"5.4"},{"v":79,"d":"79.0"},298.2]
["Área com vegetação natural","hectare",95,0.4,{"v":16.58,"d":"16.6"},{"v":300,"d":"300.0"},{"v":1574.8,"d":"1,574.8"}]
["Área com vegetação de brejo e várzea","hectare",58,0.2,{"v":5.36,"d":"5.4"},{"v":70,"d":"70.0"},{"v":311,"d":"311.0"}]
["Área em descanso","hectare","-","-","-","-",{"v":0,"d":"0.0"}]
["Área complementar","hectare",128,0.2,1.1,{"v":20,"d":"20.0"},141.1]
["Área das UPAs com (0, 1] ha","hectare","-","-","-","-","-"]
["Área das UPAs com (1, 2] ha","hectare","-","-","-","-","-"]
["Área das UPAs com (2, 5] ha","hectare",5,4.8,4.8,4.8,{"v":24,"d":"24.0"}]
["Área das UPAs com (5, 10] ha","hectare",11,7.3,{"v":8.82,"d":"8.8"},9.6,{"v":97,"d":"97.0"}]
["Área das UPAs com (10, 20] ha","hectare",22,10.2,{"v":14.58,"d":"14.6"},19.4,320.7]
["Área das UPAs com (20, 50] ha","hectare",43,20.5,{"v":33.27,"d":"33.3"},49.6,{"v":1430.8,"d":"1,430.8"}]
["Área das UPAs com (50, 100] ha","hectare",27,50.2,{"v":70.18,"d":"70.2"},96.8,{"v":1894.9,"d":"1,894.9"}]
["Área das UPAs com (100, 200] ha","hectare",23,101.6,{"v":134.88,"d":"134.9"},188.9,{"v":3102.2,"d":"3,102.2"}]
["Área das UPAs com (200, 500] ha","hectare",10,205.6,{"v":333.52,"d":"333.5"},{"v":496,"d":"496.0"},{"v":3335.2,"d":"3,335.2"}]
["Área das UPAs com (500, 1.000] ha","hectare",2,561.4,608.6,655.8,{"v":1217.2,"d":"1,217.2"}]
["Área das UPAs com (1.000, 2.000] ha","hectare",3,{"v":1418.1,"d":"1,418.1"},{"v":1611.9,"d":"1,611.9"},{"v":1945.6,"d":"1,945.6"},{"v":4835.7,"d":"4,835.7"}]
["Área das UPAs com (2.000, 5.000] ha","hectare",1,{"v":3374.1,"d":"3,374.1"},{"v":3374.1,"d":"3,374.1"},{"v":3374.1,"d":"3,374.1"},{"v":3374.1,"d":"3,374.1"}]
["Área das UPAs com (5.000, 10.000] ha","hectare","-","-","-","-","-"]
["Área das UPAs acima de 10.000 ha","hectare","-","-","-","-","-"]
["Familiares do proprietário que trabalham na UPA","unidade",138,{"v":1,"d":"1.0"},{"v":1.42,"d":"1.4"},{"v":6,"d":"6.0"},{"v":196,"d":"196.0"}]
["Trabalhadores permanentes","unidade",42,{"v":1,"d":"1.0"},{"v":3.45,"d":"3.5"},{"v":40,"d":"40.0"},{"v":145,"d":"145.0"}]
["Fonte: Secretaria de Agricultura e Abastecimento, CDRS/IEA, Projeto LUPA."]
[]
["TABELA 381.2 - Explorações Animais, Município de Oriente, Estado de São Paulo, 2007/08."]
["ITEM","UNIDADE","N.DE UPAs","MÍNIMO","MÉDIO","MÁXIMO","TOTAL"]
["Apicultura","colmeias",2,{"v":25,"d":"25.0"},{"v":25,"d":"25.0"},{"v":25,"d":"25.0"},{"v":50,"d":"50.0"}]
["Asininos E Muares","cabeças",23,{"v":1,"d":"1.0"},{"v":3.26,"d":"3.3"},{"v":25,"d":"25.0"},{"v":75,"d":"75.0"}]
["Bovinocultura de Corte","cabeças",84,{"v":5,"d":"5.0"},{"v":179.88,"d":"179.9"},{"v":3476,"d":"3,476.0"},{"v":15110,"d":"15,110.0"}]
["Bovinocultura Leiteira","cabeças",10,{"v":15,"d":"15.0"},76.1,{"v":319,"d":"319.0"},{"v":761,"d":"761.0"}]
["Bovinocultura Mista","cabeças",45,{"v":2,"d":"2.0"},{"v":54.18,"d":"54.2"},{"v":334,"d":"334.0"},{"v":2438,"d":"2,438.0"}]
["Bubalinocultura","cabeças",1,{"v":55,"d":"55.0"},{"v":55,"d":"55.0"},{"v":55,"d":"55.0"},{"v":55,"d":"55.0"}]
["Equinocultura","cabeças",77,{"v":1,"d":"1.0"},{"v":5.08,"d":"5.1"},{"v":75,"d":"75.0"},{"v":391,"d":"391.0"}]
["Helicicultura","viveiros",1,{"v":2,"d":"2.0"},{"v":2,"d":"2.0"},{"v":2,"d":"2.0"},{"v":2,"d":"2.0"}]
["Ovinocultura","cabeças",7,{"v":3,"d":"3.0"},{"v":58.71,"d":"58.7"},{"v":200,"d":"200.0"},{"v":411,"d":"411.0"}]
["Suinocultura","cabeças",4,{"v":2,"d":"2.0"},6.5,{"v":18,"d":"18.0"},{"v":26,"d":"26.0"}]
["Fonte: Secretaria de Agricultura e Abastecimento, CDRS/IEA, Projeto LUPA."]
[]
["TABELA 381.3 -  Máquinas, Implementos e Benfeitorias, Município de Oriente, Estado de São Paulo, 2007/08."]
["ITEM","UNIDADE","N.DE UPAs","MÍNIMO","MÉDIO","MÁXIMO","TOTAL"]
["Arado Comum (Bacia, Aiveca)","Unidade",27,{"v":1,"d":"1.0"},{"v":1.26,"d":"1.3"},{"v":3,"d":"3.0"},{"v":34,"d":"34.0"}]
["Arado Escarificador","Unidade",8,{"v":1,"d":"1.0"},{"v":1,"d":"1.0"},{"v":1,"d":"1.0"},{"v":8,"d":"8.0"}]
["Arado Subsolador","Unidade",5,{"v":1,"d":"1.0"},1.2,{"v":2,"d":"2.0"},{"v":6,"d":"6.0"}]
["Batedeira de Cereais","Unidade",1,{"v":1,"d":"1.0"},{"v":1,"d":"1.0"},{"v":1,"d":"1.0"},{"v":1,"d":"1.0"}]
["Carregadeira de Cana","Unidade",11,{"v":1,"d":"1.0"},{"v":1.27,"d":"1.3"},{"v":2,"d":"2.0"},{"v":14,"d":"14.0"}]
["Colhedeira Acoplada","Unidade",5,{"v":1,"d":"1.0"},{"v":1,"d":"1.0"},{"v":1,"d":"1.0"},{"v":5,"d":"5.0"}]
["Colhedeira Automotriz","Unidade",1,{"v":1,"d":"1.0"},{"v":1,"d":"1.0"},{"v":1,"d":"1.0"},{"v":1,"d":"1.0"}]
["Computador","Unidade",1,{"v":5,"d":"5.0"},{"v":5,"d":"5.0"},{"v":5,"d":"5.0"},{"v":5,"d":"5.0"}]
["Conj.Irrigação Pivot Central","Unidade",1,{"v":1,"d":"1.0"},{"v":1,"d":"1.0"},{"v":1,"d":"1.0"},{"v":1,"d":"1.0"}]
["Desintegrador, Picador, Triturador","Unidade",21,{"v":1,"d":"1.0"},1.1,{"v":2,"d":"2.0"},{"v":23,"d":"23.0"}]
["Distribuidor de Calcário","Unidade",8,{"v":1,"d":"1.0"},{"v":1.25,"d":"1.3"},{"v":2,"d":"2.0"},{"v":10,"d":"10.0"}]
["Ensiladeira","Unidade",1,{"v":1,"d":"1.0"},{"v":1,"d":"1.0"},{"v":1,"d":"1.0"},{"v":1,"d":"1.0"}]
["Grade Aradora (Tipo Romi)","Unidade",7,{"v":1,"d":"1.0"},{"v":1.43,"d":"1.4"},{"v":2,"d":"2.0"},{"v":10,"d":"10.0"}]
["Grade Niveladora","Unidade",21,{"v":1,"d":"1.0"},{"v":1,"d":"1.0"},{"v":1,"d":"1.0"},{"v":21,"d":"21.0"}]
["Implementos para Tração Animal","Unidade",1,{"v":1,"d":"1.0"},{"v":1,"d":"1.0"},{"v":1,"d":"1.0"},{"v":1,"d":"1.0"}]
["Ordenhadeira Mecânica","Unidade",1,{"v":1,"d":"1.0"},{"v":1,"d":"1.0"},{"v":1,"d":"1.0"},{"v":1,"d":"1.0"}]
["Pulverizador Tratorizado","Unidade",15,{"v":1,"d":"1.0"},1.4,{"v":5,"d":"5.0"},{"v":21,"d":"21.0"}]
["Resfriador de Leite, Tanque Expansão","Unidade",1,{"v":1,"d":"1.0"},{"v":1,"d":"1.0"},{"v":1,"d":"1.0"},{"v":1,"d":"1.0"}]
["Roçadeira Tratorizada","Unidade",7,{"v":1,"d":"1.0"},{"v":1.57,"d":"1.6"},{"v":3,"d":"3.0"},{"v":11,"d":"11.0"}]
["Semeadeira/Adubadeira para Plantio Convencional","Unidade",3,{"v":1,"d":"1.0"},{"v":1.33,"d":"1.3"},{"v":2,"d":"2.0"},{"v":4,"d":"4.0"}]
["Semeadeira/Plantadeira Plantio Direto","Unidade",7,{"v":1,"d":"1.0"},{"v":1,"d":"1.0"},{"v":1,"d":"1.0"},{"v":7,"d":"7.0"}]
["Terraceador","Unidade",3,{"v":1,"d":"1.0"},{"v":1,"d":"1.0"},{"v":1,"d":"1.0"},{"v":3,"d":"3.0"}]
["Trator de Esteiras","Unidade",1,{"v":1,"d":"1.0"},{"v":1,"d":"1.0"},{"v":1,"d":"1.0"},{"v":1,"d":"1.0"}]
["Trator de Pneus","Unidade",42,{"v":1,"d":"1.0"},1.5,{"v":8,"d":"8.0"},{"v":63,"d":"63.0"}]
["Açude/Represa","Unidade",17,{"v":1,"d":"1.0"},{"v":2.06,"d":"2.1"},{"v":5,"d":"5.0"},{"v":35,"d":"35.0"}]
["Almoxarifado/Oficina","Unidade",2,{"v":1,"d":"1.0"},2.5,{"v":4,"d":"4.0"},{"v":5,"d":"5.0"}]
["Armazém para Grãos Ensacados","Sacas",5,{"v":1,"d":"1.0"},{"v":1,"d":"1.0"},{"v":1,"d":"1.0"},{"v":5,"d":"5.0"}]
["Balança para Bovinos","Unidade",1,{"v":1,"d":"1.0"},{"v":1,"d":"1.0"},{"v":1,"d":"1.0"},{"v":1,"d":"1.0"}]
["Balança para Veículos","Unidade",1,{"v":1,"d":"1.0"},{"v":1,"d":"1.0"},{"v":1,"d":"1.0"},{"v":1,"d":"1.0"}]
["Barracão para Granja/Avicultura","Unidade",1,{"v":1,"d":"1.0"},{"v":1,"d":"1.0"},{"v":1,"d":"1.0"},{"v":1,"d":"1.0"}]
["Barracão/Galpão/Garagem","Unidade",63,{"v":1,"d":"1.0"},{"v":1.27,"d":"1.3"},{"v":5,"d":"5.0"},{"v":80,"d":"80.0"}]
["Casa de Moradia Habitada","Unidade",81,{"v":1,"d":"1.0"},{"v":2.23,"d":"2.2"},{"v":43,"d":"43.0"},{"v":181,"d":"181.0"}]
["Casa de Moradia Total","Unidade",108,{"v":1,"d":"1.0"},{"v":3.23,"d":"3.2"},{"v":90,"d":"90.0"},{"v":349,"d":"349.0"}]
["Curral/Mangueira","Unidade",79,{"v":1,"d":"1.0"},1.2,{"v":10,"d":"10.0"},{"v":95,"d":"95.0"}]
["Depósito/Tulha","Unidade",57,{"v":1,"d":"1.0"},{"v":1.19,"d":"1.2"},{"v":8,"d":"8.0"},{"v":68,"d":"68.0"}]
["Estábulo","Unidade",1,{"v":1,"d":"1.0"},{"v":1,"d":"1.0"},{"v":1,"d":"1.0"},{"v":1,"d":"1.0"}]
["Fábrica de Ração","Unidade",1,{"v":1,"d":"1.0"},{"v":1,"d":"1.0"},{"v":1,"d":"1.0"},{"v":1,"d":"1.0"}]
["Instalações para Equinos","Unidade",2,{"v":1,"d":"1.0"},{"v":1,"d":"1.0"},{"v":1,"d":"1.0"},{"v":2,"d":"2.0"}]
["Máquina de Benefício","Unidade",3,{"v":1,"d":"1.0"},{"v":1,"d":"1.0"},{"v":1,"d":"1.0"},{"v":3,"d":"3.0"}]
["Pocilga","Unidade",2,{"v":1,"d":"1.0"},{"v":1,"d":"1.0"},{"v":1,"d":"1.0"},{"v":2,"d":"2.0"}]
["Poço Semi-Artesiano","Unidade",34,{"v":1,"d":"1.0"},{"v":1.12,"d":"1.1"},{"v":5,"d":"5.0"},{"v":38,"d":"38.0"}]
["Posto Meteorológico","Unidade",1,{"v":1,"d":"1.0"},{"v":1,"d":"1.0"},{"v":1,"d":"1.0"},{"v":1,"d":"1.0"}]
["Secador de Grãos","Unidade",1,{"v":1,"d":"1.0"},{"v":1,"d":"1.0"},{"v":1,"d":"1.0"},{"v":1,"d":"1.0"}]
["Silo para Silagem","t",1,{"v":1,"d":"1.0"},{"v":1,"d":"1.0"},{"v":1,"d":"1.0"},{"v":1,"d":"1.0"}]
["Terreiro","m²",8,{"v":1,"d":"1.0"},{"v":500.38,"d":"500.4"},{"v":1000,"d":"1,000.0"},{"v":4003,"d":"4,003.0"}]
["Fonte: Secretaria de Agricultura e Abastecimento, CDRS/IEA, Projeto LUPA."]
[]
["TABELA 381.4 - Outras Estatísticas Agrícolas, Município de Oriente, Estado de São Paulo, 2007/08."]
["ITEM","Número de UPAs",null,"Percentual"]
["Faz Parte de Associação de Produtores",18,null,{"v":12.244897959183673,"d":"12.2"}]
["Faz Parte de Cooperativa de Produtores",93,null,{"v":63.265306122448976,"d":"63.3"}]
["Faz Parte do Sindicato de Produtores",50,null,{"v":34.01360544217687,"d":"34.0"}]
["Não utiliza assistência técnica ",23,null,{"v":15.646258503401361,"d":"15.6"}]
["Utiliza somente assistência técnica governamental ",77,null,{"v":52.38095238095238,"d":"52.4"}]
["Utiliza somente assistência técnica privada ",3,null,{"v":2.0408163265306123,"d":"2.0"}]
["Utiliza assistência técnica tanto governamental quanto privada",44,null,{"v":29.931972789115644,"d":"29.9"}]
["Utiliza Crédito Rural",16,null,{"v":10.884353741496598,"d":"10.9"}]
["Utiliza Seguro Rural","-",null,"-"]
["Utiliza Escrituração Agrícola",147,null,{"v":100,"d":"100.0"}]
["Acessa Internet p/ Fins na Agropecuária",18,null,{"v":12.244897959183673,"d":"12.2"}]
["Utiliza Computador nas Atividades Agropecuárias",19,null,{"v":12.92517006802721,"d":"12.9"}]
["Utiliza Energia Elétrica Para Uso na Atividade Agrícola",118,null,{"v":80.27210884353741,"d":"80.3"}]
["Realiza Análise de Solo, quando necessário",53,null,{"v":36.054421768707485,"d":"36.1"}]
["Utiliza Práticas de Conservação de Solo, quando necessário",105,null,{"v":71.42857142857143,"d":"71.4"}]
["Faz Adubação Mineral, quando necessário",38,null,{"v":25.85034013605442,"d":"25.9"}]
["Faz Adubação Orgânica, quando necessário",28,null,{"v":19.047619047619047,"d":"19.0"}]
["Faz Adubação Verde, quando necessário",5,null,{"v":3.401360544217687,"d":"3.4"}]
["Utiliza Manejo Integrado de Pragas (MIP)","-",null,"-"]
["Utiliza Hidroponia","-",null,"-"]
["Utiliza Plasticultura",2,null,{"v":1.3605442176870748,"d":"1.4"}]
["Utiliza Mudas Fiscalizadas",15,null,{"v":10.204081632653061,"d":"10.2"}]
["Utiliza Semente Melhorada",32,null,{"v":21.768707482993197,"d":"21.8"}]
["Faz Confinamento de Bovinos",4,null,{"v":2.7210884353741496,"d":"2.7"}]
["Utiliza Pastejo Intensivo",28,null,{"v":19.047619047619047,"d":"19.0"}]
["Faz Inseminação Artificial",1,null,{"v":0.6802721088435374,"d":"0.7"}]
["Faz Mineralização do Rebanho",121,null,{"v":82.31292517006803,"d":"82.3"}]
["Faz Vermifugação do Rebanho",122,null,{"v":82.99319727891155,"d":"83.0"}]
["Possui Parceiros /Arrendatários na Exploração Animal",13,null,{"v":8.843537414965986,"d":"8.8"}]
["Esporte e lazer","-",null,"-"]
["Extração mineral","-",null,"-"]
["Hotel Fazenda, Pousada ou SPA","-",null,"-"]
["Pesque-pague","-",null,"-"]
["Restaurante ou Lanchonete","-",null,"-"]
["Transformação artesanal","-",null,"-"]
["Turismo rural ou ecoturismo","-",null,"-"]
["Outras atividades econômicas rurais","-",null,"-"]
["Agroindústria","-",null,"-"]
["Proprietário sem instrução ou com instrução incompleta",5,null,{"v":3.401360544217687,"d":"3.4"}]
["Proprietário com antigo primário completo",60,null,{"v":40.816326530612244,"d":"40.8"}]
["Proprietário com 1° grau (ou antigo ginasial) completo",25,null,{"v":17.006802721088434,"d":"17.0"}]
["Proprietário com 2° grau (ou antigo colegial) completo",13,null,{"v":8.843537414965986,"d":"8.8"}]
["Proprietário com curso superior completo ",43,null,{"v":29.25170068027211,"d":"29.3"}]
["Pessoa Jurídica",1,null,{"v":0.6802721088435374,"d":"0.7"}]
["Proprietário residente na própria UPA ",28,null,{"v":19.047619047619047,"d":"19.0"}]
["Fonte: Secretaria de Agricultura e Abastecimento, CDRS/IEA, Projeto LUPA."]
[]
["TABELA 381.5 - Área Cultivada, Município de Oriente, Estado de São Paulo, 2007/08."]
["CULTURA","N.DE UPAs","MÍNIMO","MÉDIO","MÁXIMO","TOTAL"]
["Braquiaria",139,1.3,{"v":99.99,"d":"100.0"},{"v":2935.1,"d":"2,935.1"},{"v":13899.1,"d":"13,899.1"}]
["Cana-de-acucar",48,0.4,{"v":63.82,"d":"63.8"},{"v":1759.8,"d":"1,759.8"},{"v":3063.2,"d":"3,063.2"}]
["Eucalipto",55,0.2,{"v":5.42,"d":"5.4"},{"v":79,"d":"79.0"},298.2]
["Cafe",10,1.2,{"v":12.94,"d":"12.9"},{"v":52,"d":"52.0"},129.4]
["Milho",13,0.5,{"v":7.68,"d":"7.7"},{"v":40,"d":"40.0"},99.9]
["Seringueira",3,2.4,11.3,16.9,33.9]
["Amendoim",1,24.4,24.4,24.4,24.4]
["Milho-silagem",1,24.2,24.2,24.2,24.2]
["Sorgo",1,24.2,24.2,24.2,24.2]
["Maracuja",1,8.4,8.4,8.4,8.4]
["Laranja",4,0.5,{"v":2.05,"d":"2.1"},4.8,8.2]
["Coco-da-baia",1,7.2,7.2,7.2,7.2]
["Abobora (ou jerimum)",1,7.2,7.2,7.2,7.2]
["Lichia",1,4.8,4.8,4.8,4.8]
["Tomate rasteiro",1,2.4,2.4,2.4,2.4]
["Pomar domestico",5,0.2,{"v":0.34,"d":"0.3"},0.5,1.7]
["Quiabo",1,1.2,1.2,1.2,1.2]
["Arroz",1,{"v":1,"d":"1.0"},{"v":1,"d":"1.0"},{"v":1,"d":"1.0"},{"v":1,"d":"1.0"}]
["Pupunha",1,0.3,0.3,0.3,0.3]
["Fonte: Secretaria de Agricultura e Abastecimento, CDRS/IEA, Projeto LUPA."]